| 000 | 02803nam0a2200469 4500 | ||
|---|---|---|---|
| 001 | RU\NLR\bibl\2070356 | ||
| 005 | 20260409075222.0 | ||
| 010 |
_a978-5-212-01284-3 _9120 |
||
| 021 |
_aRU _b2013-62276 _94271 |
||
| 035 | _a(NLR Aleph) 002056704 | ||
| 035 | _a(nilc)RuMoRGB-006627838 | ||
| 090 |
_a4667302 _c4667302 |
||
| 100 | _a20130812d2013 u y0rusy50 ca | ||
| 101 | 0 |
_arus _apor |
|
| 102 | _aRU | ||
| 105 | _aa zzzz||||| | ||
| 200 | 1 |
_aАксиомы и парадоксы языка: структура, коммуникация, дискурс _eматериалы VII Международной научной конференции по актуальным проблемам теории языка и коммуникации, 28 июня 2013 года, Военный университет, Факультет иностранных языков : статьи и доклады участников конференции _f[сост. и науч. ред. - Н. В. Иванов и др.] |
|
| 210 |
_aМосква _cКнига и бизнес _d2013 |
||
| 215 |
_a676 с. _cил., табл. _d21 |
||
| 300 | _aВ надзаг.: М-во обороны Российской Федерации, Воен. ун-т | ||
| 300 | _aТекст рус., португал. | ||
| 320 | _aБиблиогр. в конце ст. и в подстроч. примеч. | ||
| 606 |
_aДискурс (лингв.) _jСъезды, совещания и т.п _3RU\NLR\AUTH\661418476 _92377099 |
||
| 606 | 1 |
_aМежкультурная коммуникация _jСъезды, совещания и т.п _92368045 _3RU\NLR\AUTH\661413599 |
|
| 606 |
_aЯзыковые контакты _jСъезды, совещания и т.п _3RU\NLR\AUTH\66148386 _91163980 |
||
| 606 |
_aСоциолингвистика _jСъезды, совещания и т.п _3RU\NLR\AUTH\6656387 _9990964 |
||
| 686 | 1 | _aШ100.0я431 | |
| 686 | 1 | _aШ100.33я431 | |
| 686 | 1 | _aШ100.86я431 | |
| 686 | 1 | _aШ100.3я431 | |
| 702 | 1 |
_4220 _8rus _7ca _aИванов _bН. В. _cд-р филол. наук _gНиколай Викторович _3RU\NLR\AUTH\7743037 _925980 |
|
| 711 | 1 | 2 |
_aМеждународная научная конференция по актуальным проблемам теории языка и коммуникации _d7 _f2013 _eМосква _3RU\NLR\AUTH\8810245799 _9377441 |
| 801 | 0 |
_aRU _bRuMoRKP _c20130812 _gRCR |
|
| 801 | 1 |
_aRU _bRuMoRKP _c20130812 _2rusmarc |
|
| 801 | 2 |
_aRU _bРГБ _c20130819 _grcr |
|
| 801 | 2 |
_aRU _bNLR _c20130910 _grcr |
|
| 942 | _cBOOK | ||
| 980 | _aNBR | ||
| 980 | _aNB | ||